[Event "45th Olympiad Budapest 2024"]
[Site "Budapest"]
[Date "2024.09.19"]
[Round "8"]
[Board "2"]
[White "Luong, Phuong Hanh"]
[Black "Azhar, Puteri Munajjah Az-Zahraa"]
[Result "1/2-1/2"]
[WhiteElo "2225"]
[BlackElo "2014"]
[PlyCount "102"]
[EventDate "2024.09.11"]
[EventType "team-tourn"]
[EventRounds "11"]
[EventCountry "HUN"]
[WhiteTeam "Vietnam"]
[BlackTeam "Malaysia"]
[WhiteTeamCountry "VIE"]
[BlackTeamCountry "MAS"]

1. Nf3 Nf6 2. d4 e6 3. e3 b6 4. Bd3 Bb7 5. O-O Be7 6. c4 d6 7. Nc3 Nbd7 8. a4 ({RR} 8. e4 e5 9. d5 O-O 10. Bd2 g6 11. b4 Nh5 12. g3 f5 13. Bh6 Ng7 14. h4 Bc8 15. Ng5 Nf6 16. Ne6 Bxe6 17. dxe6 f4 18. Be2 Nxe6 19. Bxf8 Bxf8 20. Bg4 Nxg4 21. Qxg4 Qf6 22. h5 Qf7 {1-0 Vaganian,R (2596)-Novichkov,V (2400) Moscow op-A 2009 (4)}) ({RR} 8. e4 e5 9. d5 a5 10. Be3 O-O 11. Nd2 Ne8 12. a3 Bg5 13. Qe2 g6 14. b4 f5 15. exf5 gxf5 16. Bxg5 Qxg5 17. f4 Qg6 18. fxe5 dxe5 19. Nf3 e4 20. Nxe4 fxe4 21. Bxe4 Qg7 22. Nh4 Nd6 {1-0 Frhat,A (2327)-Kiseleva,S (2174) Titled Tue 6th Feb Early 2024 (2)}) 8... a5 9. e4 $146 ({RR} 9. Bc2 e5 10. d5 Nc5 11. h3 h6 12. Nh2 O-O 13. f4 Nfd7 14. Nf3 Bf6 15. f5 e4 16. Nxe4 Nxe4 17. Bxe4 Nc5 18. Bc2 Ba6 19. Bd3 Re8 20. Nd4 Bxd4 21. exd4 Nxd3 22. Qxd3 Qf6 23. Bd2 Re7 {1-0 Stefanova,A (2462)-Divya,D (2305) Speed Chess (Women) Q1 blitz 2020 (5)}) 9... e5 10. Nd5 c6 11. Ne3 g6 12. d5 Nc5 13. dxc6 Bxc6 14. Nd5 Nfxe4 15. Bxe4 Nxe4 16. Bh6 f6 17. Nd2 Nc5 18. f4 Bxd5 19. cxd5 Bf8 20. Bxf8 Rxf8 21. Nc4 Rb8 22. Qe2 Rb7 23. b4 axb4 24. a5 b5 25. Nb6 Rxb6 26. axb6 Qxb6 27. Kh1 Ke7 28. fxe5 dxe5 29. d6+ Kxd6 30. Qd2+ Ke6 31. Qxb4 f5 32. Rac1 Rc8 33. Rc2 Rc7 34. h3 Ne4 35. Qb3+ Kf6 36. Rfc1 Rxc2 37. Rxc2 Qd4 38. Rc7 Nf2+ 39. Kh2 Qf4+ 40. Kg1 Qd4 41. Qf7+ Kg5 42. Qe7+ Kf4 43. Kh2 Ke3 44. Rd7 Qc3 45. Rd5 Nd3 46. Qa7+ Kf4 47. Qxh7 g5 48. Rxb5 Qe1 49. Rb3 Qg3+ 50. Kg1 Qe1+ 51. Kh2 Qg3+ 1/2-1/2

[Event "45th Olympiad Budapest 2024"]
[Site "Budapest"]
[Date "2024.09.19"]
[Round "8"]
[Board "2"]
[White "Gemota, Joan"]
[Black "Thornton, Filipina"]
[Result "0-1"]
[WhiteElo "1567"]
[BlackElo "1768"]
[PlyCount "44"]
[EventDate "2024.09.11"]
[EventType "team-tourn"]
[EventRounds "11"]
[EventCountry "HUN"]
[WhiteTeam "Palau"]
[BlackTeam "Malta"]
[WhiteTeamCountry "PAL"]
[BlackTeamCountry "MLT"]

1. d4 d5 2. Nf3 Nf6 3. Nc3 Bg4 4. Bg5 e6 ({RR} 4... h6 5. Bxf6 exf6 6. g3 Bxf3 7. exf3 Qe7+ 8. Be2 Qb4 9. O-O c6 10. Rb1 Bd6 11. a3 Qa5 12. Re1 O-O 13. f4 Nd7 14. Bg4 Nb6 15. Ra1 Nc4 16. b4 Qb6 17. Qd3 a5 18. Reb1 axb4 19. axb4 {0-1 Caetano,H (1801)-Da Silva,D (1800) Mogi Guacu op 2022 (6)}) 5. e3 Be7 6. Be2 Nbd7 7. Qd2 $146 ({RR} 7. O-O c5 8. dxc5 Nxc5 9. Qd4 Bxf3 10. Bxf3 Qb6 11. Rab1 h6 12. Bf4 O-O 13. Be2 Rac8 14. Rfd1 Ncd7 15. Qxb6 Nxb6 16. Rbc1 Nc4 17. Bxc4 Rxc4 18. Be5 Rfc8 19. Rd4 R4c6 20. h3 Nd7 21. Bg3 Bf6 {0-1 Crabie,P-Sebag,M (2193) FRA-chT 9900 U18 1999 (8.3)}) ({RR} 7. h3 Bh5 8. O-O h6 9. Bh4 O-O 10. Re1 Ne4 11. Bxe7 Qxe7 12. Nxe4 dxe4 13. Nd2 Bxe2 14. Qxe2 f5 15. Qc4 Nb6 16. Qb3 Rf6 17. Nc4 Nxc4 18. Qxc4 Rg6 19. Rad1 Qh4 20. Qxc7 Qxh3 21. Qh2 Qg4 {0-1 Dobrzenski,J-Heredia Serrano,C Pan American-ch U10 Girls 2001 (7)}) 7... h6 8. Bf4 a6 9. Ne5 Bxe2 10. Nxe2 Ne4 11. Qd3 c5 12. Nxd7 Qxd7 13. Ng3 g5 14. Be5 f6 15. Nxe4 dxe4 16. Qxe4 fxe5 17. Qxe5 O-O-O 18. O-O-O c4 19. d5 exd5 20. Rxd5 Qxd5 21. Qxe7 Qd2+ 22. Kb1 Qc3 0-1